00354nam a2200133Ia 4500008004100000020001500041041001200056100001600068245007700084260002500161300000800186650000800194700001800202221030s9999 xx 000 0 und d a8120306530 aEnglish aL. Cromwell 0aBiomedical Instrumentation & measurementscby L. Cromwell, F. J. Weibell bPHIaNew Delhic2014 a510 aECE aF. J. Weibell